000 00758nam a2200289Ia 4500
005 20260324111516.0
008 008 260324s9999 xx 000 0 eng d
020 _a9781003410164
037 _aEBOOK
040 _aCRL
040 _beng
040 _cCRL
041 _2eng
041 _aeng
084 _qCRL
100 _aMuhammad Ali Syed; Shahzad Ali; Tanveer Hussain
_91138856
245 0 _aMicrobiology in the Era of Artificial Intelligence
245 0 _bNanotechnology, Quantum, and Next Generation Sequencing
260 _bTaylor and Francis
260 _c2025
365 _a
365 _b340
856 _uhttp://www.taylorfrancis.com/books/9781003410164
942 _cEBOOK
999 _c1727707
_d1727707